Wineries : architecture & design (Record no. 12200)

000 -LEADER
fixed length control field 00332 a2200145 4500
003 - CONTROL NUMBER IDENTIFIER
control field OSt
005 - DATE AND TIME OF LATEST TRANSACTION
control field 20240117160207.0
008 - FIXED-LENGTH DATA ELEMENTS--GENERAL INFORMATION
fixed length control field 240117b ||||| |||| 00| 0 eng d
020 ## - INTERNATIONAL STANDARD BOOK NUMBER
International Standard Book Number 978-9812450890
082 ## - DEWEY DECIMAL CLASSIFICATION NUMBER
Classification number 725.4
Item number HAR
100 ## - MAIN ENTRY--PERSONAL NAME
Personal name Hartje, Hans
245 ## - TITLE STATEMENT
Title Wineries : architecture & design
260 ## - PUBLICATION, DISTRIBUTION, ETC. (IMPRINT)
Date of publication, distribution, etc 2004
942 ## - ADDED ENTRY ELEMENTS (KOHA)
Source of classification or shelving scheme
Holdings
Withdrawn status Lost status Source of classification or shelving scheme Damaged status Koha normalized classification for sorting Not for loan Permanent location Current location Date acquired Source of acquisition Cost, normal purchase price Full call number Barcode Date last seen Cost, replacement price Price effective from Koha item type
        725_400000000000000_HAR   BMS College of Architecture, Design and Planning BMS College of Architecture, Design and Planning 2024-01-17 10 2992.50 725.4 HAR AR-UG3517 2024-01-17 4275.00 2024-01-17 UG Books
Copyright © 2025, The Librarian, Library and Information Centre, BMSCA D&P, Bengaluru. All Rights Reserved
web counter

Powered by Koha